|
|
|
|
| LEADER |
00000cam a2200000 7i4500 |
| 001 |
0000004846 |
| 005 |
20151222.0 |
| 008 |
070731 |
| 020 |
|
|
|a 9679389081(set)
|
| 020 |
|
|
|a 967938912X
|
| 090 |
0 |
0 |
|a JF
|b NS ENG (6033)
|
| 100 |
0 |
|
|a Kumara Velu
|
| 245 |
1 |
0 |
|a Plays for Malaysian schools :
|b The haunted house
|c Kumara Velu
|
| 260 |
|
|
|a Selangor :
|b Sama Publications ,
|c 2004
|
| 440 |
|
|
|a Theatre-in-education
|
| 500 |
|
|
|a Children ages 7-9 years old (orange)
|
| 650 |
|
0 |
|a Rhymes
|x Fiction
|
| 999 |
|
|
|a 0000858441
|b Book
|c Children Collection
|e Cawangan Mersing
|
| 999 |
|
|
|a 0000858442
|b Book
|c Children Collection
|e Cawangan Tmn. Ungku Tun Aminah
|
| 999 |
|
|
|a 0000921670
|b Book
|c Children Collection
|e Cawangan Bukit Gambir
|
| 999 |
|
|
|a 0000921672
|b Book
|c Children Collection
|e Cawangan Bukit Gambir
|
| 999 |
|
|
|a 0000930557
|b Book
|c Children Collection
|e Cawangan Tangkak
|
| 999 |
|
|
|a 0000930558
|b Book
|c Children Collection
|e Cawangan Tangkak
|
| 999 |
|
|
|a 0000930559
|b Book
|c Children Collection
|e Cawangan Tangkak
|
| 999 |
|
|
|a 0000977028
|b Book
|c Children Collection
|e Cawangan Taman Universiti
|
| 999 |
|
|
|a 0000977029
|b Book
|c Children Collection
|e Cawangan Batu Pahat
|